| 000 | 00000nam 2200000za 4500 |
| 001 | 9.630173 |
| 003 | CaOODSP |
| 005 | 20220901135821 |
| 007 | ta |
| 008 | 150407s2014 onca f000 0 eng d |
| 020 | |a978-1-100-24427-3 |
| 040 | |aCaOODSP|beng |
| 043 | |an-cn--- |
| 086 | 1 |aJ2-196/2014E |
| 245 | 04|aThe federal child support guidelines : |bstep-by-step. |
| 260 | |a[Ottawa] : |bDepartment of Justice Canada, |cc2014. |
| 300 | |a82 p. : |bill. ; |c28 cm. |
| 500 | |aTitle from cover. |
| 500 | |aAt head of title: Serving Canadians. |
| 500 | |aIssued also in French under title: Lignes directrices fédérales sur les pensions alimentaires pour enfants : étape par étape. |
| 692 | 07|2gccst|aChild support |
| 710 | 1 |aCanada. |bDepartment of Justice. |
| 775 | 08|tLignes directrices fédérales sur les pensions alimentaires pour enfants : |w(CaOODSP)9.678095 |
| 776 | 0#|tThe federal child support guidelines |w(CaOODSP)9.629582 |